000 00564nam a2200169 a 4500
001 000022280
005 20200930011650.0
008 100921s1998 dr 001 0 spa d
040 _aDO-SdBNP
_bspa
_cBNPHU
100 1 _aGonzález Camacho, Ricardo
_946035
245 1 3 _aEl municipio que tenemos /
_cRicardo González Camacho.
260 _aSanto Domingo :
_bCentro de Estudios Sociales,
_c1998.
300 _a78 P. ;
_c21 cm.
500 _aIncluye referencias bibliográficas y notas al pie de las páginas
504 _aBibliografía : p. 77 -78
049 _aBNPD
999 _c21778
_d21778